000 00446nam a2200181Ia 4500
001 15157
005 20260306165007.0
008 260306t2018||||xx |||||||||||||| ||spa||
041 _aESP
082 _a530
_bS42 V. 2 2018
100 _aSerway, Raymond A.
_eAUT
245 0 _aFísica para ciencias e ingeniería
260 _c2018
300 _avarias paginaciones :
_c27 cm.
650 _aGEN
654 _aCCN
942 _cLIB
_dJUS
_fJUS
_2ddc
_n
999 _c15157
_d15157